Public policy and the marketing practitioner : toward bridging the gap /

Bibliographic Details
Main Author: Greyser, Stephen A.
Corporate Author: Marketing Science Institute
Format: Book
Language:English
Published: Cambridge, Mass : Marketing Science Institute, 1973.
Series:Working paper (Marketing Science Institute)
Preliminary research report (Marketing Science Institute)
Subjects:

MARC

Tag First Indicator Second Indicator Subfields
LEADER 00000cam a2200000 i 4500
001 in00000061383
005 20151007082723.0
008 770127s1973 mau b 00010 eng d
035 |a (OCoLC)02705796 
035 |9 AAF8310AM 
040 |a FXG  |c FXG  |d TXA  |d UtOrBLW 
049 |a TXAM  |c [930649] 
090 |a HF5415.5  |b .G7 
100 1 |a Greyser, Stephen A. 
245 1 0 |a Public policy and the marketing practitioner :  |b toward bridging the gap /  |c by Stephen A. Greyser. 
264 1 |a Cambridge, Mass :  |b Marketing Science Institute,  |c 1973. 
300 |a 23 pages ;  |c 28 cm. 
336 |a text  |b txt  |2 rdacontent 
337 |a unmediated  |b n  |2 rdamedia 
338 |a volume  |b nc  |2 rdacarrier 
490 1 |a Marketing Science Institute. Working paper 
490 1 |a Marketing Science Institute. Preliminary research report 
504 |a Includes bibliographical references. 
650 0 |a Customer relations. 
650 0 |a Public relations. 
650 0 |a Marketing. 
710 2 |a Marketing Science Institute. 
830 0 |a Working paper (Marketing Science Institute) 
830 0 |a Preliminary research report (Marketing Science Institute) 
999 |a MARS 
999 f f |s 3ee09fb2-e640-3320-8152-76d9a1918437  |i 55996e60-55a4-3f27-b9c2-0b70553003be  |t 0 
952 f f |p ric  |a Texas A&M University  |b Rellis Campus  |c Joint Library Facility  |d Remote Storage  |t 0  |e HF5415.5 .G7  |h Library of Congress classification  |i unmediated -- volume  |m A14802795462 
998 f f |a HF5415.5 .G7  |t 0  |l Remote Storage